000 01315cas a2200409 a 4500
001 data
005 20260322212122.0
008 data
010 _asf 91092960
_zsn 90005855
022 0 _a1054-2205
_21
023 0 _a1054-2205
_21
035 _a(OCoLC)22185106
037 _bPreview Publishing, P.O. Box 19200, Seattle, WA 96109
040 _aDLC
_beng
_cOLY
_dOCLCQ
_dDLC
_dOCLCQ
_dOCLCF
_dOCLCO
_dOCLCL
_dOCLCQ
042 _apcc
_apcc
050 0 0 _aWMLC 91/737
082 1 0 _a796
_212
_1https://id.oclc.org/worldcat/ddc/E3w4dtb4Td4RCmFt6Dq7mG9xX3
210 0 _aNatl. sports rev.
222 4 _aThe National sports review
245 0 4 _aThe National sports review.
260 _aSeattle, WA :
_bPreview Pub.
300 _av :
_bill. (some col.) ;
_c32 cm.
310 _aAnnual
362 1 _aBegan in 1986.
588 _aDescription based on: Vol. 5, copyright 1990; title from cover.
650 0 _aSports.
650 0 _aSports
_vPeriodicals.
650 7 _aSports.
_2fast
_0(OCoLC)fst01130432
655 7 _aPeriodicals.
_2fast
_0(OCoLC)fst01411641
906 _a7
_bcbc
_cserials
_du
_encip
_f19
_gn-oclcserc
590 _aSERBIB/SERLOC merged record
890 _aNational sports review.
_isf91-92960
920 _aKeep 1
991 _bc-Ser
_hWMLC 91/737
_wSERIALS
992 _bSER
_wSERLOC
999 _c1879
_d1879